• 首页
  • 本馆介绍
  • 公告通知
  • 最新文献
  • 馆藏检索
  • 电子资源
  • 读者导购
  • 参考咨询
  • 我的图书馆
  • 登录
  • 详细信息显示
  • 放入我的书架
  • 预约/预借图书
  • 作者相关作品
  • 分类相关作品
  • 丛书相关作品
  • 出版社相关作品

书目信息

  • 表格格式
  • 工作单格式
  • 卡片格式
题名:
伟大的美国城市
    
 
作者: 桑普森 著 ;陈广渝 , 梁玉成 译
分册:  
出版信息: 北京   社会科学文献出版社  2018
页数: 476页
开本: 24cm
丛书名: 城市研究·经典译丛
单 册:
中图分类: D771.283
科图分类:
主题词: 城市--社区--研究--美国
电子资源:
ISBN: 978-7-5201-1872-9
000 01801oam2 2200313 450
001 012001005598
005 20080820114431.0
010    @a978-7-5201-1872-9@dCNY128.00
100    @a20180315d2018 em y0chiy50 ea
101 1  @achi@ceng
102    @aCN@b110000
105    @aa z 001yy
106    @ar
200 1  @a伟大的美国城市@9wei da de mei guo cheng shi@e芝加哥和持久的邻里效应@dGreat American city@eChicago and the enduring neighborhood effect@f(美)罗伯特·J. 桑普森(Robert J. Sampson)著@g陈广渝,梁玉成译@zeng
210    @a北京@c社会科学文献出版社@d2018
215    @a476页@c图@d24cm
225 1  @a城市研究·经典译丛@f李友梅,张海东主编
314    @a罗伯特·J. 桑普森 (Robert J. Sampson),教授,著名的城市社会学家和犯罪社会学家,美国科学院院士,美国艺术与科学学会成员,大不列颠学院通信院士,2011~2012年美国犯罪社会学会主席。现为哈佛大学社会科学教授,波士顿地区研究项目主任,美国律师协会研究教授。
330    @a本书是城市社会学、社区研究领域的一部经典著作。桑普森教授展现和利用了数十年的研究结果,并结合自己对城市的观察,分析了社区、邻里的诸多重要方面,包括族群构成、社会组织、犯罪状况、健康状况、市民参与、房屋止赎、青少年怀孕、利他行为、精英网络、移民等。本书继承了芝加哥学派的城市研究的传统,分析了2008年经济危机以后的城市变化,展示了社区各个方面之间的高度相关性、社区结构的稳定性。
461  0 @12001 @a城市研究·经典译丛
510 1  @aGreat American city@eChicago and the enduring neighborhood effect@zeng
517 1  @a芝加哥和持久的邻里效应@9zhi jia ge he chi jiu de lin li xiao ying
606 0  @a城市@x社区@x研究@y美国
690    @aD771.283@v5
701  0 @c(美)@a桑普森@9sang pu sen@c(Sampson, Robert J. )@4著
702  0 @a陈广渝@9chen guang yu@4译
702  0 @a梁玉成@9liang yu cheng@4译
801  0 @aCN@b上海新华@c20180901
905    @b1174587-90@dD771.283@e455@f4
    
    伟大的美国城市:芝加哥和持久的邻里效应=Great American city:Chicago and the enduring neighborhood effect/(美)罗伯特·J. 桑普森(Robert J. Sampson)著/陈广渝,梁玉成译.-北京:社会科学文献出版社,2018
    476页:图;24cm.-(城市研究·经典译丛/李友梅,张海东主编)
    
    
    ISBN 978-7-5201-1872-9:CNY128.00
    本书是城市社会学、社区研究领域的一部经典著作。桑普森教授展现和利用了数十年的研究结果,并结合自己对城市的观察,分析了社区、邻里的诸多重要方面,包括族群构成、社会组织、犯罪状况、健康状况、市民参与、房屋止赎、青少年怀孕、利他行为、精英网络、移民等。本书继承了芝加哥学派的城市研究的传统,分析了2008年经济危机以后的城市变化,展示了社区各个方面之间的高度相关性、社区结构的稳定性。
●
相关链接 在E读中查询图书 在五车中查询图书 在当当中查询图书 在豆瓣中查询图书


正题名:伟大的美国城市     索取号:D771.283/455         预约/预借

序号 登录号 条形码 馆藏地/架位号 状态 备注
1 1174587   211745879   第一样本阅览室/ [索取号:D771.283/455] 在馆    
2 1174588   211745888   密集书库-史法系/ [索取号:D771.283/455] 在馆    
3 1174589   211745897   第一借阅区/ [索取号:D771.283/455] 在馆    
4 1174590   211745904   第一借阅区/ [索取号:D771.283/455] 在馆    
唐山师范学院图书馆 欢迎您!
大连网信软件有限公司© 版权所有